| 000 | 00447nam a2200181Ia 4500 | ||
|---|---|---|---|
| 001 | 9839 | ||
| 005 | 20260306161748.0 | ||
| 008 | 260306t2009||||xx |||||||||||||| ||spa|| | ||
| 041 | _aESP | ||
| 082 |
_a468 _bA32E |
||
| 100 |
_aAguirre, Mauricio _eAUT |
||
| 245 | 0 |
_aEstrategias para redactar: _bprocedimientos fundamentales |
|
| 260 | _c2009 | ||
| 300 |
_a185 páginas : _c28 cm. |
||
| 650 | _aGEN | ||
| 654 | _aCHU | ||
| 942 |
_cLIB _dJUS _fJUS _2ddc _n |
||
| 999 |
_c9839 _d9839 |
||